Az abszolútum odisszeája a buddhizmusban /
Uložené v:
| Hlavný autor: | |
|---|---|
| Médium: | Kniha |
| Jazyk: | Hungarian |
| Vydané: |
Pozsony :
Kalligram,
2005
|
| Vydanie: | 1. kiad. |
| Témy: | |
| ISBN: |
8071497304 (brož.) |
| Fyzický popis: |
109 s. ; 21 cm |
| Tagy: |
Pridať tag
Žiadne tagy, Buďte prvý kto otaguje tento záznam!
|
Titul je dostupný aj v ... 

MARC
| LEADER | 00000nam a2200000 a 4500 | ||
|---|---|---|---|
| 001 | 000014021 | ||
| 005 | 20050926094142.0 | ||
| 008 | 050803s2005 xo e 000 0 huno | ||
| 020 | |a 8071497304 (brož.) | ||
| 040 | |a SVKKK |b slo |c SVKKK |e AACR2 | ||
| 041 | 0 | |a hun | |
| 044 | |a xo |c SK | ||
| 072 | 7 | |a 22/24 |x Náboženstvá ďalekého východu. Indické náboženstvá. Hinduizmus. Budhizmus |2 konspekt | |
| 080 | |a 24 |2 1997 | ||
| 080 | |a (035) |2 1997 | ||
| 100 | 1 | |a Liptay, Lothar, |d 1933- |4 aut | |
| 245 | 1 | 0 | |a Az abszolútum odisszeája a buddhizmusban / |c Liptay Lothar |
| 250 | |a 1. kiad. | ||
| 260 | |a Pozsony : |b Kalligram, |c 2005 | ||
| 300 | |a 109 s. ; |c 21 cm | ||
| 500 | |a Obsahuje aj slov. tiráž. | ||
| 504 | |a Poznámky | ||
| 650 | 0 | 7 | |a budhizmus |2 SVKKKPH |
| 655 | 7 | |a príručky |2 SVKKKPH | |
| 919 | |a 80-7149-730-4 | ||
| 998 | |a BK | ||
| 984 | |a Bratislava | ||
| 090 | |g SCKHL |k Sklad Pribinova 2. posch. |a III.200199 |j 970920 |i 2720037342 |s Absenčne | ||